000 00285nam a2200109 4500
008 180215b xxu||||| |||| 00| 0 eng d
245 _aIloilo dengue cases drop.
260 _aPhilippines
_bThe Philippine Star
_cc2017
300 _apage 16.
650 0 _926544
_aDengue.
942 _2ddc
_cPER
999 _c8673
_d8673